00551 2200193 4500001002100000005001700021008004100038035002500079040001200104082001100116090002000127100002700147245005400174260004800228300002700276650002500303850001200328990001700340INLIS00000000000739720150702085641.0  a0010-071500000000080 aYOPDYOG a297.98 aPK 297.98 Ghu B aAbd Fattah Abu Ghuddah aBertualang mencari ilmu /cAbd Fattah Abu Ghuddah aYogyakarta ;bPusataka Insan Madani ,c2008 axii, 212 Hlm. ;c20 Cm aBiografi tokoh islam aYOPDYOG a0195-PK/A.09